header

Models of Teaching . (Record no. 264925)

MARC details
000 -LEADER
fixed length control field 00491nam a22001817a 4500
003 - CONTROL NUMBER IDENTIFIER
control field OSt
005 - DATE AND TIME OF LATEST TRANSACTION
control field 20250701134831.0
008 - FIXED-LENGTH DATA ELEMENTS--GENERAL INFORMATION
fixed length control field 250701b |||||||| |||| 00| 0 eng d
020 ## - INTERNATIONAL STANDARD BOOK NUMBER
International Standard Book Number 9781032576015
040 ## - CATALOGING SOURCE
Transcribing agency N/A
050 ## - LIBRARY OF CONGRESS CALL NUMBER
Classification number LB 1027.3
Item number J69
100 ## - MAIN ENTRY--PERSONAL NAME
Personal name Bruce Joyce and Emily Calhoun
245 ## - TITLE STATEMENT
Title Models of Teaching .
Statement of responsibility, etc Joyce, Bruce.
250 ## - EDITION STATEMENT
Edition statement Tenth Edition.
260 ## - PUBLICATION, DISTRIBUTION, ETC. (IMPRINT)
Place of publication, distribution, etc NewYork
Name of publisher, distributor, etc Routledge Taylor & Francis Group.
Date of publication, distribution, etc 2025
300 ## - PHYSICAL DESCRIPTION
Extent Viii:403 pages; ill
942 ## - ADDED ENTRY ELEMENTS (KOHA)
Source of classification or shelving scheme Library of Congress Classification
Koha item type Long Loan Books
Holdings
Withdrawn status Lost status Source of classification or shelving scheme Damaged status Not for loan Collection code Home library Current library Shelving location Date acquired Total Checkouts Full call number Barcode Date last seen Price effective from Koha item type
    Library of Congress Classification     Non-fiction Rongo University Library Rongo University Library General Stacks 01/07/2025   LB 1027.3 J69 2005 202501421 01/07/2025 01/07/2025 Long Loan Books
    Library of Congress Classification     Non-fiction Rongo University Library Rongo University Library General Stacks 01/07/2025   LB 1027.3 J69 2005 202501420 01/07/2025 01/07/2025 Long Loan Books

© 2026 Rongo University
Contact us: librarian | system librarian | Rongo university